| 000 | 00519nam a2200169 a 4500 | ||
|---|---|---|---|
| 005 | 20140412111329.0 | ||
| 008 | 030110s19uu xx 00 eng d | ||
| 020 | _a0-02-686026-0 | ||
| 050 |
_aBB _bSh21 1995 |
||
| 100 | _aNims, Bonnie Larkin | ||
| 245 |
_aShenette gets the perfect pet / _cstory by Bonnie Larkin Nims ; illustrations by Allan Eitzen. |
||
| 260 |
_aU. S. A : _bSRA-Macmillan/McGraw-Hill, _c1995. |
||
| 300 | _a16 p. ; ill. | ||
| 650 | _aPets--Fiction | ||
| 650 | _aPlants--Fiction | ||
| 999 |
_c104847 _d104847 |
||